000
00299nam a2200109Ia 4500
008
171211s9999 xx 000 0 und d
245
_a
Casual Bead Elegance, Stitch by Stitch
245
_c
Eve Leder
260
_c
2016
650
_x
Hobbies
856
_u
http://down.ebook777.com/064/9781627003124.pdf
999
_c
350323
_d
350323